Music Quiz

Random Music or Christianity Quiz

Manger, Bethlehem, Child or King Quiz Stats

 Plays Quiz Updated Dec 14, 2017

Score 0/20 Timer 05:00
1 Play Today
Question Answer Wrong Answers
Away In A ______ Manger
88.9%
Bethlehem
0.7%
Child
0.3%
King
0.2%
O Little Town Of ______ Bethlehem
88.8%
Manger
0.5%
Child
0.3%
King
0.1%
We Three ______ Kings
88.7%
Mangers
0.8%
Bethlehems
0.4%
Children
0.4%
Cradled In A ______, Meanly Manger
87.8%
Bethlehem
0.6%
Child
1%
King
0.4%
In A ______, Laid So Lowly Manger
87.6%
Bethlehem
0.8%
Child
1.5%
King
0.4%
Precious ______, So Sweetly Sleeping Child
86.6%
Manger
1%
Bethlehem
0.6%
King
1.7%
Gently Mary Laid Her ______ Child
86%
Manger
2.7%
Bethlehem
0.4%
King
0.8%
A Babe Is Born In ______ Bethlehem
84.8%
Manger
5.1%
Child
0.2%
King
0.1%
Good ______ Wenceslas King
84.2%
Manger
1.6%
Bethlehem
1.7%
Child
2.4%
______, Of Noblest Cities Bethlehem
81.8%
Manger
0.9%
Child
1.5%
King
5.8%
Beautiful ______ Bells Bethlehem
76.6%
Manger
10.3%
Child
1.8%
King
1.3%
O Jesus, ______ Of Glory King
73.5%
Manger
0.7%
Bethlehem
0.6%
Child
15.3%
To Us A ______ Of Royal Birth Child
64.4%
Manger
1.2%
Bethlehem
0.6%
King
23.6%
They Were All Looking For A ______ King
54.3%
Manger
10.2%
Bethlehem
0.6%
Child
24.9%
In Stature Grows The Heavenly ______ Child
44.5%
Manger
2.1%
Bethlehem
1.3%
King
41.8%
Jesus A ______ His Work Begun Child
44.5%
Manger
1.8%
Bethlehem
0.6%
King
43.3%
The ______ Throne Manger
44%
Bethlehem
19.7%
Child
7%
King
19.3%
______ Might Miss The Guiding Star King
29.7%
Manger
2.2%
Bethlehem
50.7%
Child
6.9%
I Know Not How That ______ Babe Bethlehem's
29.3%
Manger's
41.8%
Child's
9.2%
King's
9.9%
O Jesus Christ, Thy ______ Is Manger
21.1%
Bethlehem
1.7%
Child
21.1%
King
46.3%

You're not logged in!

Compare scores with friends on all Sporcle quizzes.
OR
Log In

You Might Also Like...

Show Comments

Extras

Top Quizzes Today


Score Distribution

Your Account Isn't Verified!

In order to create a playlist on Sporcle, you need to verify the email address you used during registration. Go to your Sporcle Settings to finish the process.

Report this User

Report this user for behavior that violates our Community Guidelines.

Details: